| 000 | 00376nam a22001457a 4500 | ||
|---|---|---|---|
| 003 | MACL | ||
| 005 | 20190901151403.0 | ||
| 008 | 190901b xxu||||| |||| 00| 0 eng d | ||
| 040 | _c MACL | ||
| 100 |
_aBhola, Sunita _976507 |
||
| 245 | _aEco-Consciousness in Ruskin Bond's Works | ||
| 260 |
_aVaranasi _bBharati Pra _c2017 |
||
| 650 |
_aEnvironment _976508 |
||
| 942 |
_2ddc _cBK |
||
| 999 |
_c60911 _d60911 |
||